000 01569nam0a22002891 4500
001 rc\4380563
005 20260406082657.0
021 _aRU
_b[69-3727]
035 _a(NLR Aleph) 008547516
090 _a8385647
_c8385647
100 _a20130416d1968 |||y0rusy50 ca
101 0 _arus
102 _aRU
105 _aa j |||||
200 1 _aДолгосрочное прогнозирование и планирование
_e(Стеногр. лекции, прочит. 15 февр. 1968 г.)
_fМ-во высш. и сред. спец. образования СССР. Моск. ордена Трудового Красного Знамени ин-т стали и сплавов. Фак. повышения квалификации руководящих работников и специалистов предприятий и организаций черной и цв. металлургии СССР
210 _aМосква
_cБ. и.
_d1968
215 _a26 с.
_cчерт.
_d20
300 _aПеред загл. авт.: проф. д-р техн. наук С.В. Емельянов
606 _aПромышленные предприятия
_xПланирование
_2psbo
606 _aЭкономическое прогнозирование
_2psbo
700 1 _8rus
_7ca
_aЕмельянов
_bС. В.
_cд-р техн. наук
_f1929-2018
_gСтанислав Васильевич
_3RU\NLR\AUTH\7748243
_931178
801 0 _aRU
_bNLR
_gpsbo
801 1 _aRU
_bELAR
_2rusmarc
852 _aNLR
_j69-4/3848
942 _cBOOK
980 _aNB